000 00730nam a22001815i 4500
001 164495
003 ES-MaACL
005 20230906212940.0
008 020930s1890 sp |||| | spa d
040 _aCCPB | B
_bspa
_cCCPB | B
100 1 _aSalvat Ciurana, Ramón.
_9132354
245 1 0 _aConsideraciones médicas acerca de la etiología, anatomía, patología y tratamiento de la tuberculosis pulmonar /
_cescrita por Ramón Salvat Ciurana.
260 _aMadrid :
_b[s.n.],
_c1890 (
_fP. Sanz Calleja)
300 _a36 p. ;
_c22 cm.
650 4 _aTuberculosis-
_xTratamiento.
_9151845
752 _aEspaña -
_dMadrid
852 _aES-MaACL
_jT-524-F-1
_z-- Enc. hol. conservando la cub. original
_z-- Enc. en un vol. facticio
999 _c164495
_d164495